Rozširovanie EÚ na Balkánskom poloostrove bakalárska práca

Salvato in:
Dettagli Bibliografici
Autore principale: Nemčeková, Martina
Ente Autore: Obchodná fakulta EU. Katedra medzinárodného obchodu
Altri autori: Malík, Marek
Natura: Libro
Lingua:slovacco
Pubblicazione: Bratislava 2010
Tags: Aggiungi Tag
Nessun Tag, puoi essere il primo ad aggiungerne!!

MARC

LEADER 00000nam$a2200000$$$4500
001 0134164
005 20240320074500.6
041 0 |a slo 
044 |a SK 
245 1 0 |a Rozširovanie EÚ na Balkánskom poloostrove  |b bakalárska práca  |c Martina Nemčeková ; školiteľ: Marek Malík 
264 1 |a Bratislava  |c 2010 
300 |a 43 s. 
100 1 |a Nemčeková, Martina 
700 1 |a Malík, Marek 
710 2 |a Obchodná fakulta EU. Katedra medzinárodného obchodu